000 00639nam a2200253Ia 4500
005 20260121114119.0
008 008 260114s9999 xx 000 0 eng d
020 _a9780891183600
037 _aEBOOK
040 _aCRL
040 _beng
040 _cCRL
041 _2eng
041 _aeng
084 _qCRL
100 _aBarry Glaz
_9971032
245 0 _aApplied Statistics in Agricultural, Biological,and Environmental Sciences
260 _bWiley
260 _c2020
856 _uhttps://onlinelibrary.wiley.com/doi/book/10.2134/appliedstatistics
942 _cEBOOK
999 _c1550287
_d1550287